Scientists Venn Diagram Quiz Stats

 Plays Quiz not verified by Sporcle

Score 0/8 Timer 03:00
1 Play Today
% Correct
Marie Curie
68.7%
Richard Feynman
64.6%
Max Planck
60.9%
Glenn T. Seaborg
54.3%
Enrico Fermi
52.6%
Svante Arrhenius
47.4%
Linus Pauling
42.5%
Ernest Rutherford
41.8%

You're not logged in!

Compare scores with friends on all Sporcle quizzes.
OR
Log In

You Might Also Like...

Show Comments

Extras

Top Quizzes Today


Score Distribution

Your Account Isn't Verified!

In order to create a playlist on Sporcle, you need to verify the email address you used during registration. Go to your Sporcle Settings to finish the process.

Report this User

Report this user for behavior that violates our Community Guidelines.

Details: